000 00377nam a2200169Ia 4500
100 _aFabricius/Eugene D
650 _aVLSI
942 _cBK
366 _f20
654 _aVLSI
245 _aIntroduction to VLSI design
260 _bMcGraw-Hill International Edition
_aNew Delhi
_c1990
082 _a621.395/FAB
_bFAB
300 _a406
546 _aENGLISH
999 _c29282
_d29282